Normal view
MARC view
- الاردن- وثائق تاريخية2004 -تاريخ
Entry Topical Term
001 - CONTROL NUMBER
- control field: 21057
003 - CONTROL NUMBER IDENTIFIER
- control field: JO-AjAnu
005 - DATE AND TIME OF LATEST TRANSACTION
- control field: 20230606073644.0
008 - FIXED-LENGTH DATA ELEMENTS
- fixed length control field: 230606|| aca||aabn | a|a d
040 ## - CATALOGING SOURCE
- Original cataloging agency: JO-AjAnu
- Transcribing agency: JO-AjAnu
150 ## - HEADING--TOPICAL TERM
- Topical term or geographic name entry element: الاردن- وثائق تاريخية2004 -تاريخ
670 ## - SOURCE DATA FOUND
- Source citation: Work cat.: (JO-AjAnu)10819: اشراف الطوالبة، عبدالله؛ اعداد وتحرير وتدقيق شقير، نصفت و العوض، بنان, author 21056, الوقائع والوثائق الأردنية: الربع الاول 2004